000 00760cam a2200265 i 4500
999 _c2394
_d2394
003 OSt
005 20210709063921.0
008 800903s1981 stka b 001 0 eng
020 _a044302247X
020 _a0443022488 (pbk.) :
040 _cDLC
050 1 0 _aRD731
_b.A35 1981
060 _aWE168 A214o
100 1 _aAdams, John Crawford.
245 1 0 _aOutline of orthopaedics /
_cby John Crawford Adams.
250 _a9th ed.
260 _aEdinburgh ;
_aNew York :
_bChurchill Livingstone,
_c1981.
300 _avii, 486 p. :
_bill. ;
_c22 cm.
500 _aIncludes index.
504 _aBibliography: p. [451]-474.
650 0 _aOrthopedics.
650 2 _aOrthopedics.
906 _a7
_bcbc
_corignew
_du
_eocip
_f19
_gy-gencatlg
942 _2lcc
_cBK
_nMM